| 000 | 01621cam a2200205 4500 | ||
|---|---|---|---|
| 001 | L130387 | ||
| 008 | 050722n2005 000 0 eng u | ||
| 035 | _a(Sirsi) u130387 | ||
| 041 | _aeng | ||
| 050 |
_a711.558 _c18 |
||
| 110 |
_aOffice of the Deputy Prime Minister _94685 |
||
| 245 | _aDraft of the Town and Country Planning (Green Belt) Direction 2005 | ||
| 260 |
_aLondon _bODPM _c2005 |
||
| 520 | _aGovernment announced in January 2005 in its five-year strategy "Sustainable communities - homes for all" its intention to introduce a new Green Belt Direction. Since then the ODPM has been refining and developing government proposals through the preparation of a consultation draft of its new Direction. Government. The proposed new Green Belt Direction will require planning applications for inappropriate development of certain types and scale in the Green Belt, which local planning authorities are minded to approve, to be referred to the Secretary of State. This consultation paper sets out the policy context and explains the various options and proposals for the Direction. It seeks views on the draft Direction and accompanying draft Circular as well as the partial Regulatory Impact Assessment. Responses are invited by 14 October 2005. | ||
| 590 | _aIKA020805 | ||
| 650 | _aTOWN AND COUNTRY PLANNING (GREEN BELT) DIRECTION 2005 | ||
| 690 | _aENVIRONMENTAL AND LAND CONSULTANCY-PLANNING AND DEVELOPMENT-PLANNING GUIDANCE | ||
| 856 |
_uhttps://www.communities.gov.uk/archived/publications/planningandbuilding/draft _zView the draft Direction free of charge at www.communities.gov.uk... |
||
| 942 | _n0 | ||
| 999 |
_c104444 _d104444 |
||